| 000 | 00390nam a2200181Ia 4500 | ||
|---|---|---|---|
| 001 | 13077 | ||
| 003 | OSt | ||
| 005 | 20251106142359.0 | ||
| 008 | 211022s9999 xx 000 0 und d | ||
| 040 | _cIVS | ||
| 082 | _a923.7 HAL | ||
| 100 | _aHali, Khawaja Altaf Hussain | ||
| 245 | 0 | _aHayat-i-Javed 1 | |
| 260 | _aLahore | ||
| 260 | _bBook Talk | ||
| 260 | _c2007 | ||
| 942 |
_cBK _2ddc _n0 |
||
| 999 |
_c12365 _d12365 |
||